| 000 | 01123nam a2200265Ia 4500 | ||
|---|---|---|---|
| 003 | OSt | ||
| 005 | 20220923211103.0 | ||
| 006 | a|||||r|||| 00| 0 | ||
| 007 | ta | ||
| 008 | 220922b |||||||| |||| 00| 0 hin d | ||
| 020 |
_a8179170292 (hbk) _c425 |
||
| 024 | _a245,198 | ||
| 037 |
_b367, 11/02/2011, Swaraj Prakashan _cTextual |
||
| 040 |
_aARTS _cARTS _bhin |
||
| 041 |
_2hin _ahin |
||
| 082 | _aY73(Q7)-5.2, 152P3 | ||
| 100 |
_aइम्तियाज़ अहमद, संपा. _9158053 |
||
| 245 | 0 | _aभारत के मुसलमानों में जातिव्यवस्था और सामाजिक स्तरीकरण | |
| 246 | _aBhārat ke musalamānoan mean jātivyavasthā aur sāmājik starīkaraṇa | ||
| 260 |
_aदिल्ली _b ग्रंथ शिल्पी _c2003 |
||
| 300 |
_a281पृ. _ccm. |
||
| 650 |
_aभारतीय-लोक साहित्य _9158054 |
||
| 942 |
_hY73(Q7)-5.2, 152P3 _cTEXL _2CC |
||
| 999 |
_c295055 _d295055 |
||